000 00382 a2200169 4500
001 74050
020 _a850801290X
040 _cAnchieta - Colégio São Paulo
100 _aTavares, Luís Henrique Dias
240 1 0 _aO fracasso do imperador
_lpor
245 1 0 _aO fracasso do imperador
300 _a32
362 0 _a1990
440 1 _aÁtica
650 4 _aBrasil
942 _cBK
999 _c74050
_d74050